000 01408nam a22002657a 4500
005 20090716142221.0
008 090714t xxu||||| |||| 00| 0 hin d
010 _aHIN-87298
020 _a817149000x
_c300.00
035 _aHN-59644
037 _bDBAD / PUB
040 _adpl
_bhn
082 _a401.802
100 _aअग्रवाल, कुसुम
245 _aअनुवाद शिल्प समकालीन संदर्भ /
_cकुसुम अग्रवाल
246 _aAnuvaada shilpa samakaaliina sandarbha
_bby Kusum Aggrawal
260 _aदिल्ली
_bसाहित्य सहकार
_c2008
270 _a29/62-बी. गली नं. 11, विश्वास नगर
_bदिल्ली
_k110032
_e2205703
300 _a240पृ..
_c22सेमी(सजिल्द)
500 _a(केंद्रीय अनुवाद ब्यूरो, भारत सरकार द्वारा पुरस्कृत)
650 _aअनुवाद और व्याख्या
_xइतिहास
650 _aTranslating and interpreting
_xHistory.
942 _2ddc
_cHN
_mअग्रवा
_h401.802
999 _c28326
_d28326